[Event "ESP-chT Honor Gp2"]
[Site "San Sebastian"]
[Date "2006.09.16"]
[Round "?"]
[White "Aronian, Levon"]
[Black "Arizmendi Martinez, Julen Luis"]
[Result "1/2-1/2"]
[WhiteElo "2762"]
[BlackElo "2542"]
[Annotator "Arizmendi,J"]
[PlyCount "54"]
[EventDate "2006.09.13"]
[EventType "team"]
[EventRounds "5"]
[EventCountry "ESP"]
[SourceTitle "CBM 115"]
[Source "ChessBase"]
[SourceDate "2006.11.15"]
[SourceVersion "1"]
[SourceVersionDate "2006.11.15"]
[SourceQuality "1"]

1. d4 d5 2. c4 c6 3. Nf3 Nf6 4. Nc3 a6 {A year ago I heard a very strong
grandmaster declare that "after 4...a6 white has nothing". The truth is I did
not pay much attention to these words, for I do not play 1.d4, nor was the
Chebanenko part of my repertoire back then. Some time later, in February this
year, in Gibraltar, I was paired against Akopian in the second round and was
unsure as to what I should play. My roommate, Pelletier, offered then to give
me a "quick course" on this opening, and I obtained a solid draw. Of course,
once I got back home I took a more seriouse look into the line and added it to
my usual repertoire. Ok, to say that white has nothing after 4...a6 might be a
little exaggerated, but Black is certainly doing well these days.} 5. c5 {
Aronian has tried several possibilities at this point, but in the last year he
has started to show predilection for the most critical line. After 5.c5, the
vulnerability of the dark squares in Black´s camp is apparent, while the h2-b8
diagonal becomes especially sensitive. On the other hand, once the pressure on
d5 is gone, preparing the ...e5 break is a much easier goal for Black.} Nbd7 {
The most popuar move, but some Chinese players have shown that 5...Bf5 is a
viable option too. At the Turin Olympiad, Wang Yue was especially succesful
with this line, scoring easy draws against Bareev and Harikrishna and beating
Gagunashvili.} 6. Bf4 Nh5 {The key to Black´s system. The bishop is too good
on the h2-b8 and should not be allowed to stay there unless White is forced to
incur in some kind of concession.} 7. Bd2 {In my opinion, the most natural
move. White is now ready for e4, so Black´s best move is to go back to f6. So,
with this manoeuvre White manages to develop his bishop for free, admittedly
not to the most brilliant square, but at least better than c1.} ({The
alternative is to allow Black to exchange the bishop and take back with the
e-pawn, making the ...e5 break very difficult to achieve. Nonetheless, Black
seems to be doing alright here:} 7. e3 Nxf4 8. exf4 b6 9. b4 {Lately, this has
been the most popular choice.} ({Not long ago,} 9. cxb6 {was the preferred
move, until Black discovered that taking back inmmediately was not forced.} e6
$1 10. Bd3 Bd6 11. g3 (11. f5 Nxb6 12. Qc2 exf5 13. Bxf5 Qe7+ 14. Kf1 Bxf5 15.
Qxf5 g6 16. Qd3 O-O {gave White nothing in Gyimesi-Dautov,Goteborg 2005}) 11...
c5 $1 {, and Black gets rid of his backward pawn. After} 12. f5 Nxb6 13. dxc5
Bxc5 14. O-O O-O {Nikolic-Malakhov,Khanty Mansyisk 2005, I would say Black
already enjoys the more confortable position.}) 9... g6 {One of the
inconveniences of taking on f4 with the e-pawn is that the g7-bishop can
create some annoying pressure on d4 in the long run.} 10. Bd3 Bg7 11. Rc1 O-O
12. O-O a5 $1 13. b5 {Best. White should not allow the queenside to open
completely.} (13. a3 axb4 14. axb4 bxc5 15. bxc5 Ra3 $1 16. Nb1 Ra7 17. Nc3 Qc7
18. g3 Ba6 19. Bxa6 Rxa6 20. Re1 e6 21. Qc2 Rfa8 {and Black stands better
already, Iljushin-Dobrov,Chessassistantclub.com 2004}) 13... Bb7 14. Na4 bxc5
15. Nxc5 Nxc5 16. Rxc5 cxb5 17. Bxb5 Rc8 18. Rxc8 Bxc8 19. Qd2 Qb6 {and Black
had no problems whatsoever in Johannessen-Carlsen,Molde 2004.}) 7... Nhf6 8.
Qc2 {In this position White has mainly tried three moves, although the basic
idea behind all of them is the same: since the bishop cannot go to f4 without
it being harassed, White wants to find the most useful move, one that opposes
Black´s plans and at the same time leaves the Bf4 option open. The moves that
meet these requirements are 8.h3, 8.Qc2 and 8.Rc1. Aronian´s choice was based
on my probable lack of knowledge on 8.Qc2, since this had been very popular in
2005, but almost completely taken over by 8.Rc1 in 2006. It worked, because
during the game I could hardly remember anything concrete against 8.Qc2.
Luckily, the ideas are very similar in all these lines.} Qc7 {The most active
continuation, preparing ...e5. The alternative, 8...g6, has been doing quite
well of late:} (8... g6 9. e4 dxe4 (9... Nxe4 {might be a little more precise})
10. Nxe4 (10. Ng5 Bg7 11. Bc4 O-O 12. Bxf7+ {otherwise Black will get ...e5
and with it an excellent position..} Rxf7 13. Ne6 Qe8 14. Nc7 Qf8 15. Ne6 $11 (
15. Nxa8 {is too dangerous due to} e5 $1)) 10... Nxe4 11. Qxe4 Nf6 12. Qc2 Be6
13. Be2 Bg7 14. O-O O-O 15. Rad1 Bd5 $1 {Threatening to take on f3, a very
desirable exchange for Black in these positions.} 16. Ne5 Nd7 17. f4 b6 {
, with good play for Black in Krasenkow-Bacrot, France 2006.}) 9. Bg5 {
Strictly speaking, a novelty, although the idea is taken from the 8.h3
variation. White simply forgets about e4 for the time being and gets ready to
meet ...e5 with e3, protecting his cener, but leaving the bishop outside the
pawn-chain.} ({During the game, my calculations were focused on the more direct
} 9. e4 e5 $5 {which is what I had in mind. After the game though, I found out
that 9...Nxe4 seems to be equalizing without much difficulty.} (9... Nxe4 10.
Nxe4 dxe4 11. Qxe4 Nf6 12. Qc2 (12. Qe5 Nd5 13. Bc4 Qxe5+ 14. dxe5 Bg4 {
is alright for Black.}) 12... Be6 13. Be2 Bd5 14. O-O Bxf3 $1 {An important
exchange in this structure. White did not have time to move the knight out of
the way due to the hanging pawn on g2, and Black quickly reaches a
satisfactory position.} 15. Bxf3 e6 16. b4 Be7 17. a4 O-O {
Krasenkow-Grabarczyk, Polonia 2005}) ({On the other hand,} 9... dxe4 $6 {
is inaccurate:} 10. Ng5 $1 h6 11. Ngxe4 Nxe4 12. Nxe4 Nf6 13. Nxf6+ exf6 14.
Bc4 $14 Be6 15. O-O-O O-O-O 16. Rhe1 Bxc4 17. Qxc4 g6 18. Bc3 Bg7 19. d5 {
Lautier-Jakovenko, Internet 2004}) 10. exd5 cxd5 11. O-O-O {Najer-Savchenko,
Moscow 2006} (11. Bg5 exd4 12. Qe2+ Ne5 $3 (12... Be7 13. Qxe7+ Kxe7 14. Nxd5+
Kd8 15. Nxc7 Kxc7 16. Bf4+ $16) (12... Kd8 $5 13. Nxd5 Qxc5) 13. Bxf6 (13. Nxe5
dxc3) 13... gxf6 14. Nxd5 Qxc5 15. Nxe5 Qxd5 16. Ng6+ Be6 17. Nxh8 Bb4+ 18. Kd1
Ke7 $44 {(Alexei Kuzmin)}) {At this point, Fritz believes} 11... exd4 $1 12.
Re1+ Be7 13. Nxd4 Nxc5 {is great for Black, and I find no reason to disagree.})
9... e5 10. Bxf6 {Aronian kept playing very fast, but it turns out that this
move gives White absolutely nothing. During the postmortem, the Armenian
player confessed the he had forgotten his analysis. So, these guys are human
after all...} ({Natural here is} 10. e3 {, and after} Be7 11. Be2 O-O 12. O-O {
there is no doubt that the queen on c2 is doing better in this position than a
pawn on h3 or a rook on c1 (8.h3 and 8.Rc1), but I am not sure this is enough
to give White anything tangible.} Re8) 10... gxf6 $6 ({As Aronian pointed out
after the game,} 10... Nxf6 $1 {leads to equality:} 11. Nxe5 Bxc5 12. Nxd5 (12.
Nxf7 Qxf7 13. dxc5 O-O $44) 12... Qa5+ 13. Qc3 Qxc3+ 14. bxc3 cxd5 15. dxc5 Ne4
$11) 11. e3 f5 $5 ({I did not like the looks of} 11... e4 12. Nh4 f5 13. g3 (
13. Nxf5 Nxc5) 13... Nf6 14. Na4 {and the defects to Black´s fourth move are
already haunting him.} (14. O-O-O b6) 14... Qa5+ 15. Kd1 f4 16. gxf4 (16. Nb6
$5 Bg4+ 17. Be2 Bxe2+ 18. Kxe2 f3+ 19. Nxf3 $1 exf3+ 20. Kxf3 Rd8 21. Rhb1 Qb5
22. b4 a5 23. a4 Qa6 24. Qf5 Be7 25. b5 cxb5 26. axb5 Qa7 27. Ra2 $16 {That is
why I decided to give up a pawn and try to activate my bishops. I sincerely
believe this was my best practical chance, but I would have never thought it
would work out so well.})) 12. g3 $6 {My opponent played this pretty quickly
as well. I had already used up a lot of time at this point, and I think
Aronian simply wanted to keep the position under control. However, he probably
missed my next move.} ({It was necessary to accept the sacrifice, and after} 
12. Qxf5 Bg7 13. Qc2 ({Better than} 13. Qg5 O-O 14. Be2 f5 15. O-O-O f4) 13...
O-O 14. Be2 f5 15. O-O-O exd4 16. exd4 b6 {Black has active play, but
obviously not enough to compensate a pawn.}) 12... f4 $1 {Now everything is in
order again.} 13. exf4 (13. gxf4 exd4) 13... exd4 14. Qe2+ $6 ({It was better
to play} 14. Nxd4 Bxc5 (14... Nxc5 15. O-O-O Bg7 16. Re1+ Kf8) 15. O-O-O O-O
$13) 14... Be7 15. Nxd4 Nxc5 16. O-O-O O-O 17. Qh5 Bf6 {Despite the absence of
a g-pawn, my dark-squared bishop does an excellent job at defending and
attacking along the h8-a1 diagonal.} 18. Be2 $1 {A great defensive move! You
can imagine my surprise when my opponent told me that the idea was Rd2-Bd1-Bc2
in order to attack h7. Aronian thought his position was almost lost, while I
thought I was simply better. During the analysis it bacame apparent that Black
has the upper hand, but the position is still quite complicated.} b5 $1 {
The best move, but I must admit that during the game, right after I played the
move, I thought it would have been better to prepare this advance a little
more.} (18... Qb6 19. Nf3 {is the key to White´s defence. The knight on e5 is
an important blockader.}) ({The natural} 18... Bd7 {, preparing ...b5 or ...
Rae8, allows White to carry out his idea.} 19. Rd2 $3 Rfe8 20. Bd1 Qb6 (20...
Ne4 21. Nxe4 Rxe4 22. Nf3 $1) 21. Nf3 {, with a complex battle ahead.}) 19. Qh6
Qd6 20. b4 $1 {The only move. Anything else will be met by ...b4, with a clear
advantage for Black.} (20. Bf3 b4 21. Nce2 Re8 22. Rhe1 Ne4 $17) ({Sacrificing
on c6 seems attractive, but Black can easily repel the attack.} 20. Nxc6 Qxc6
21. Rxd5 Bb7 22. Rhd1 (22. Rxc5 Qxh1+ 23. Bd1 Rfc8 24. Rxc8+ Rxc8 25. Qxf6 b4
26. Qg5+ Kf8 27. Qh6+ Ke8 $19) 22... Ne4 23. Rh5 Rfc8 $19) 20... Ne4 {It is
necessary to block the b1-h7 diagonal.} 21. Nxe4 dxe4 22. Nf5 (22. a3 Qe7 $1
23. Nxc6 $4 Qe6 24. Nd4 Qb6 $19) 22... Bb2+ $6 {This leads to a draw.} ({
A much better try is} 22... Qxb4 23. Qxf6 Qc5+ 24. Bc4 $3 (24. Kb2 Qxf5 25.
Qxc6 Be6 {leaves Black clearly on top due to the exposed white king.}) 24...
Qxc4+ (24... Qxf5 $4 25. Bxf7+ $18) (24... Bxf5 25. Qg5+ $11) 25. Kb1 Qb4+ 26.
Ka1 Bxf5 27. Qxf5 Qc3+ 28. Kb1 Rae8 29. Rd7 {, when Black is better, although
White´s activity should be enough to save the game.}) 23. Kxb2 Qxb4+ 24. Ka1
Qc3+ 25. Kb1 Qb4+ 26. Ka1 Qc3+ 27. Kb1 Qb4+ {At this point I only had a minute
and a half (plus the thirty second increment) to reach move forty, so I
decided to take the draw. Many people told me after the game that there was no
risk in continuing, and they were absolutely right. Nevertheless, the result
of the game would have been the same after} (27... Bxf5 28. g4 $1 (28. Qg5+ Bg6
29. f5 Qc5 30. g4 f6 31. Qc1 Qb4+ 32. Ka1 Bf7 33. g5 Qa5 34. Qb2 Rad8) 28...
Bc8 (28... Be6 29. f5 {, planning f6} Bxa2+ $11) 29. Rd8 (29. Rhg1) 29... Qb4+
30. Ka1 Qe7 31. Rxf8+ Qxf8 32. Qxc6 Be6 (32... Rb8 33. Rd1 Bb7 34. Qc7 Ba8 35.
Qd6) 33. f5 Bc4 34. Bxc4 bxc4 35. Rd1) 1/2-1/2

[Event "Corus"]
[Site "Wijk aan Zee"]
[Date "2008.01.25"]
[Round "11"]
[White "Aronian, Levon"]
[Black "Van Wely, Loek"]
[Result "1-0"]
[WhiteElo "2739"]
[BlackElo "2681"]
[Annotator "Aronian,L"]
[PlyCount "81"]
[EventDate "2008.01.12"]
[EventType "tourn"]
[EventRounds "13"]
[EventCountry "NED"]
[EventCategory "20"]
[SourceTitle "CBM 122"]
[Source "ChessBase"]
[SourceDate "2008.01.30"]
[SourceVersion "1"]
[SourceVersionDate "2008.01.30"]
[SourceQuality "1"]

1. d4 {It is always nice to play Van Wely, because he is very cordial towards
me.} d5 2. c4 c6 3. Nf3 Nf6 4. e3 {After Loek told me that, before his game
with Adams, he had prepared for me by mistake, I did not fancy entering gambit
lines. This explains my modest choice of move.} a6 {An invitation to battle.
In recent times, both 4...Bg4 and 4...Bf5 have been popular, but the danger in
both these lines is that the two players will die of boredom.} 5. Nc3 b5 6. c5
{One of my favourite lines. I managed to bring off a beautiful combination in
this line against Popov in 2005.} Nbd7 {Occasional bold spirits play 6...Bg4
here, but most often Black chooses 6...g6. In the recent European
Championships, the well-known Slav expert Peter Svidler played this against me.
} 7. Bd3 {As far as I know, this was first played at elite level by Boris
Gelfand. I once played 7.b4 against Ivan Sokolov and managed to make a draw
with some difficulty, although the variation was not to blame for that, of
course.} e5 {The most principled reply. The modest 7...g6 is also possible,
but in that case, Black does not usually put his knight on d7 so early. More
often than not, the freeing move e5 is Black's plan. Preparing this by the
tyipcal move 7...Qc7 is not good here, because of 8.Qe2, after which Black is
forced back into g6-lines, since 8...e5 is bad on account of 9.e4.} 8. Nxe5 {
It is hard seriously to recommend 8.Bc2. If White does not react to e5 in
these positions, Black is usually fine.} Nxe5 9. dxe5 Ng4 {Besides this move,
Black has another way to regain the pawn.} ({After} 9... Nd7 10. e6 Nxc5 11.
exf7+ Kxf7 12. Bc2 {I prefer White, notwithstanding Black's activity in the
centre. Black will still have to spend a couple of moves evacuating his king. .
}) 10. f4 Bxc5 11. Qf3 Qb6 {Necessary. Now White must reveal his future plans.
Will it be his king in the centre, or a badly-placed knight?} 12. Ke2 {I
prefer this move. The king is defended at present by its own pawns.} Nh6 13. h3
{13.f5 hopelessly weakens the e5 pawn, which immediately becomes clear after
13...Qc7 or 13...Qb8.} Nf5 {Ivan Sokolov against Gelfand did not put the
knight on f5, but I think it is necessary to do so. The attempt to be clever
and bring the knight out later via g8 should not work.} 14. g4 {Having spent a
couple of days analysing this variation, I think White should play very
actively. It is not in his interests to permit Black to castle and break with
f6. It would also be interesting to see 14.a4 tested in practice.} Ne7 15. Rb1
{Here my opponent, who had been moving instantly, stopped to think for the
first time. In the second round of the same event, Gelfand played 15.Bd2
against me, after which I managed to win, by exploiting the sharp position and,
most of all, Boris' chronic time-trouble. 15.Rb1 is one of many interesting
possibilities in the position. Given that Black needs to play 15...a5, White
gets chances to attack the b5-pawn.} a5 16. e4 Bb7 {This struck me as strange
during the game. 16...d4 is dangerous, but 16...0-0 looks stronger.} 17. f5 ({
I did not like} 17. exd5 {because of} cxd5 18. Bxb5+ Nc6 {It is important to
leave the pawn in the way of the Bishop on b7. It seemed to me that my move
prevented castling.}) 17... Bd4 {It looks as though Black must react quickly
to White's advance, but in fact he can afford to continue in slow-looking
fashion.} ({After} 17... O-O {my intended} 18. Rf1 {with the threat of f6,
allows Black more than one (!) satisfactory reply. The most reliable is 17...
Bd4. In all the lengthy variations that can arise, the position remains
dynamically balanced.}) 18. exd5 ({I did not really study the position after} 
18. f6 gxf6 19. exf6 Ng6 20. exd5 O-O {which just looked rather too crude. The
text move is more natural.}) 18... Bxe5 ({Of course not} 18... Nxd5 {because of
} 19. Nxd5 cxd5 20. Bf4 {with an excellent position for White,}) ({nor} 18...
Bxc3 19. bxc3 Nxd5 20. Bd2 {with the same assessment.}) ({Straight after the
game, I noticed the interesting move} 18... O-O {on which strongest is} 19. Re1
{leading after} Bxe5 20. Kf1 Qc7 {to a satisfactory position for Black.}) 19.
Be3 {Developing with tempo is rarely wrong, so I did not spend long on this
move.} Qc7 20. Rbc1 {Too ambitious.} ({I understood that after} 20. dxc6 Bxc6
21. Be4 {White's position is the more pleasant, but an inner voice convinced
me to go for a more adventurous continuation.}) 20... b4 21. dxc6 ({On} 21. d6
{replies} Bxd6 22. Ne4 O-O-O {. This did not appeal to me at all.}) 21... Bxc6
22. Ne4 Rd8 {A bad move, after which the dubious 20.Rbc1 fully justifies
itself.} ({After} 22... O-O {despite the number of white pieces pointing at
the enemy king, he starts to have problems. After my intended 23.Rc5 Black
happily devours b2 and after} 23. f6 Nd5 24. Qf5 {there follows} Rfd8 {which I
had missed. All White's threats turn out to be illusory.}) 23. f6 {Exploiting
the fact that the black king is not about to escape in a hurry.} Nd5 24. Rxc6 {
Now Loek sank into thought. Probably he did not anticipate this turn of events.
} Qxc6 25. Rc1 Qd7 {The best decision.} ({After} 25... Qb7 {(completely bad is
25...Qa4 26.Nd6+ winning quickly)} 26. fxg7 Bxg7 27. Bc5 {the black king is
not long for this world.}) 26. Nd6+ {Having seen that after 33.Qb7, the
f7-pawn falls, I did not bother looking at other continuations.} ({Deserving
of attention was} 26. fxg7 Bxg7 27. Bc5 {After the possible} Nf4+ 28. Qxf4
Qxd3+ 29. Kf2 Bd4+ 30. Kg2 Bxc5 31. Qe5+ Be7 32. Qxh8+ Kd7 33. Qxh7 {White has
good chances of victory.}) 26... Qxd6 {The next few moves are forced.} 27. Bb5+
Kf8 28. Bc5 Nf4+ 29. Ke1 {All the while the bishop controls e8, the king is
safe on e1.} gxf6 ({Stronger is} 29... Qxc5 30. fxg7+ Kxg7 31. Rxc5 Ng6 {
It is easier for Black to coordinate his pieces if he has a second rook.}) 30.
Bxd6+ Rxd6 31. Rc8+ Kg7 32. Rxh8 {Now there is no threat against the white
king.} Kxh8 33. Qb7 Kg7 {An attempt at active defence.} ({There is some sense
in} 33... Rd8 {trying "to build a fortress" after} 34. Qxf7 Bxb2 35. Be8 Ng6 {
Admittedly, White's play can be strengthened by 35.Qc7.}) 34. Be8 Kh6 ({
The position after} 34... Bc3+ 35. bxc3 Re6+ 36. Kf1 Rxe8 37. cxb4 Nd3 ({on} 
37... axb4 {there is} 38. Qxb4 Nxh3 39. a4 Ng5 40. a5 {winning easily.}) 38.
bxa5 Re1+ 39. Kg2 Re2+ 40. Kf3 Rxa2 41. Qb5 {looks winning for White.}) 35.
Qxf7 Ng6 36. Qb3 Nf4 {A mistake in time-trouble. There were more chances of
holding the position after the modest 36...Kg7.} 37. Qg8 {The king is caught
in the net.} Rd4 {The decisive mistake.} ({There was no salvation in} 37... Ne6
{because of the crafty} 38. Ke2 Nf4+ 39. Kf2 {(on 39...Nxh3+ there follows 40.
Ke1 and Black loses the knight) and White plays the decisive h4,}) ({but Black
could resist better with} 37... Rd8 {It turns out that after} 38. h4 Ng6 39.
Ke2 {Black has the move} Bd6 {fter which White has to play very accurately to
win.}) 38. h4 Ng2+ 39. Ke2 Nxh4 40. g5+ fxg5 41. Qe6+ {Black loses a piece,
and with it, his queenside pawns, hence he resigned.} 1-0